00414 2200169 4500001002100000005001500021008004100036020001800077035001900095041000700114082001000121090001000131100001400141245003800155260003100193300002000224INLIS00000000001279920241224114431241224||||||||| | ||| |||| || |  a979-526-468-0 0010-1224012799 aid0 a629.2 a629.20 aDaryanto.00aReparasi sistem kelistrikan mobil aJakartabBumi Aksarac2008 avii+121hlm;25cm